000 00573nam a2200181 i 4500
001 135583
003 ES-MaACL
005 20240205165154.0
007 t|
008 070719s1936 sp ||||1| spa d
100 1 _aTorre, Guillermo de (
_d1900-1971)
_9110740
245 1 0 _aPicasso
_b: noticias sobre su vida y su arte, con una bibliografía /
_cpor Guillermo de Torre.
260 _aMadrid :
_bAdlan,
_c1936.
300 _a8 h. :
_bil. ;
_c22 cm.
600 1 4 _aPicasso, Pablo,
_d1881-1973
_991794
852 _aES-MaACL
_j1809-F-12
999 _c135583
_d135583